مدخل إلى علم النفس بطريقة التعلم المبرمج / (رقم التسجيلة. 1753)

تفاصيل مارك
000 -LEADER
fixed length control field 00588nam a22001937a 4500
005 - DATE AND TIME OF LATEST TRANSACTION
control field 20251108164027.0
008 - FIXED-LENGTH DATA ELEMENTS--GENERAL INFORMATION
fixed length control field 250721s1987 xx 000 0 ara d
082 14 - DEWEY DECIMAL CLASSIFICATION NUMBER
Classification number 150/بل
100 1# - MAIN ENTRY--PERSONAL NAME
Personal name بل، نورمان
245 10 - TITLE STATEMENT
Title مدخل إلى علم النفس بطريقة التعلم المبرمج /
264 1# - PRODUCTION, PUBLICATION, DISTRIBUTION, MANUFACTURE, AND COPYRIGHT NOTICE
Place of production, publication, distribution, manufacture الكويت :
Name of producer, publisher, distributor, manufacturer دار القلم،
Date of production, publication, distribution, manufacture, or copyright notice 1987.
300 ## - PHYSICAL DESCRIPTION
Extent 415ص
650 17 - SUBJECT ADDED ENTRY--TOPICAL TERM
Topical term or geographic name as entry element علم النفس
700 1# - ADDED ENTRY--PERSONAL NAME
Personal name هنت، جيمس
700 1# - ADDED ENTRY--PERSONAL NAME
Personal name عيسى، حسن أحمد
Relator term ترجمة
700 1# - ADDED ENTRY--PERSONAL NAME
Personal name طه، طه أمير
Relator term ترجمة
942 ## - ADDED ENTRY ELEMENTS (KOHA)
Source of classification or shelving scheme Dewey Decimal Classification
Koha item type كتب
المقتنيات
حالة السحب حالة الفقدان مصدر التصنيف حالة التلف غير قابل للإعارة المكتبة الرئيسية المكتبة الحالية موقع الرف تاريخ التزويد الرقم المتسلسل Total Checkouts رقم الإستدعاء الباركود تاريخ آخر ظهور تاريخ الفاتورة نوع المادة (كوها)
    Dewey Decimal Classification     مكتبة الحسن العامة مكتبة الحسن العامة الإعارة 14/09/2018 2283   150/بل PLD00431680 28/07/2025 14/09/2018 كتب
Implemented & Customized by: BBB with SCIT (Smart Chains for Information Technology)

Powered by Koha